Bitcoin, dokonalý vynález rakúskej školy ekonómie, alebo ponzi schéma vo svete kryptomien bakalárska práca

Saved in:
Bibliographic Details
Main Author: Švec, Patrik
Corporate Author: Národohospodárska fakulta EU. Katedra bankovníctva a medzinárodných financií
Other Authors: Moravec, Peter, 1993-
Format: Book
Language:Slovak
Published: Bratislava 2024
Tags: Add Tag
No Tags, Be the first to tag this record!

MARC

LEADER 00000nbm a2200000 4500
001 0301587
005 20250519142247.3
041 0 |a slo 
044 |a SK 
245 1 0 |a Bitcoin, dokonalý vynález rakúskej školy ekonómie, alebo ponzi schéma vo svete kryptomien  |b bakalárska práca  |c Patrik Švec ; školiteľ: Peter Moravec 
264 1 |a Bratislava  |c 2024 
300 |a 47 s. 
100 1 |a Švec, Patrik 
700 1 |a Moravec, Peter, 1993- 
710 2 |a Národohospodárska fakulta EU. Katedra bankovníctva a medzinárodných financií